Footballeurs en P - Statistiques

Statistiques générales
  • Ce quiz a été pris 126 fois
  • Le résultat moyen est 14 sur 20
Statistiques - réponses
Par images Réponse % Correct
Pavard
100%
Payet
100%
Pelé
100%
Pogba
99%
Piqué
98%
Puyol
97%
Platini
95%
Petit
94%
Papin
92%
Pires
89%
Pastore
85%
Pjanic
73%
Pauleta
65%
Pato
61%
Pedretti
52%
Pandev
37%
Planus
25%
Plasil
23%
Prso
15%
Porato
7%
Aucun quiz correspondant
Distribution des résultats
% des personnes avec chaque résultat
Percentile par nombre de réponses
Votre historique - résultats
Vous n’avez pas pris ce quiz